000 00428nam a2200145Ia 4500
008 230917s9999||||xx |||||||||||||| ||und||
040 _e198216
_aMAIN
041 _aEnglish
082 _a301.441 D444G
100 _aDerne, Steve
245 0 _aGlobalization on the ground: Media and the transformation of culture, class an-d gender in India
260 _aNew Delhi
_bSage Publications
_c2008
300 _a243 p.
942 _cBK
999 _c159792
_d159792